000 00726nam a2200217Ii 4500
003 JO-AjNU
008 230606s9999||||xx |||||||||||||| ||und||
020 _a81-8356-129-2
040 _aJO-AjNU
_beng
_erda
_cJO-AjNU
041 _aeng
050 1 4 _aHQ773.6 2010
100 3 _aReddy,G. Lokanadha / Sujathamalini,J,
_eauthor
_9130
245 0 0 _aChildren With Disabilities: Awareness, Attitude and Competencies of Teachers
250 _a1 ed
264 3 1 _aNew Delhi: Discovery Publishing House,2010
300 _a276p
_bIncludes bibliographical and indexes (p255-276)
336 _atext
_btxt
_2rdacontent
337 _aunmediated
_bn
_2rdamedia
338 _avolume
_bnc
_2rdacarrier
650 4 _aChildren With Disabilities
_9131
999 _aE69
_c69
_d69